000 00433nam a2200181Ia 4500
008 230524s9999 xx 000 0 und d
020 _a9788131704043
082 _a4
_bKER
100 _aBrain W.Kernighan
245 4 _aThe C Programming Language
250 _a2ND
260 _aNEW DELHI
_bPHI
_c2004
300 _aXII;272
500 _aQuantity Number: 24
650 _aComp-Sc
700 _a Dennis M.Ritchie
942 _cBK
999 _c25205
_d25205